| 000 | 03546nam a22006257a 4500 | ||
|---|---|---|---|
| 001 | 1567 | ||
| 003 | FISKH | ||
| 005 | 20230907104812.0 | ||
| 008 | 230907b cb ||||| |||| 00| 0 eng d | ||
| 020 | _a9789388144339 | ||
| 040 |
_aFISKH _beng _cFISKH _dFISKH |
||
| 050 | _aPN6010-6790 | ||
| 082 | _a808.83 | ||
| 100 |
_aMontiaigne, Michel de _d1533-1592 |
||
| 245 | _a50 world's greatest essays / | ||
| 260 |
_aNew Delhi : _bPrakash Books, _c2022 |
||
| 300 |
_a720 pages : _c20 cm |
||
| 490 | _3Fingerprint! Classics | ||
| 520 | _aFrom self-expression and personal discoveries to revelations and diatribes, essays have been thought-provoking, educating, informing and even entertaining us for more than four hundred years. And the diversity of the subjects this art has covered is boundless loving, hating, self-reliance, prudence, witches, liars and even poetry and writing. The literary canon abounds with innumerable essays. Out of this, we bring to you fifty carefully chosen, remarkable and insightful masterpieces to rekindle your appreciation of this art form, such as The Death of the Moth by Virginia Woolf, Of Liars by Michel de Montaigne, Of Love by Francis Bacon, Silly Novels by Lady Novelists by George Eliot, Friendship by Joseph Addison and many more. An essay is a thing which someone does himself; and the point of the essay is not the subject, . . . but the charm of personality. Arthur Benson, The Art of the Essayist All writers are vain, selfish and lazy and at the very bottom of their motives there lies a mystery. Writing a book is a horrible, exhausting struggle, like a long bout of some painful illness. George Orwell, Why I Write The struggle was over. The insignificant little creature now knew death. As I looked at the dead moth, this minute wayside triumph of so great a force over so mean an antagonist filled me with wonder. Virginia Woolf, The Death of the Moth. - Amazon | ||
| 650 | _2Essays | ||
| 700 |
_aBacon, Francis _d1561-1626. |
||
| 700 |
_aDefoe, Daniel _d1660-1731. |
||
| 700 |
_aSwift, Jonathan _d1667-1745. |
||
| 700 |
_aHazlitt, William _d1778-1830. |
||
| 700 |
_aLamb, Charles _d1775-1834. |
||
| 700 |
_aMill, John Stuart _d1806-1873. |
||
| 700 |
_aHunt, Leigh _d1784-1859. |
||
| 700 |
_aShelley, Bysshe Percy _d1792-1822. |
||
| 700 |
_aEmerson, Ralph Waldo _d1803-1882. |
||
| 700 |
_aMacaulay, Thomas Babington _d1800-1859. |
||
| 700 |
_aPoe, Edgar Allen _d1809-1849. |
||
| 700 |
_aCarlyle, Thomas _d1795-1881. |
||
| 700 |
_aSainte-Beuve, Charles Augustin _d1804-1869. |
||
| 700 |
_aEliot, George _d1819.1880. |
||
| 700 |
_aAddison, Joseph _d1672-1719. |
||
| 700 |
_aWake, Charles Staniland _d1835-1910. |
||
| 700 |
_aWilde, Oscar _d1854-1900. |
||
| 700 |
_aMartin, Edward Sandford _d1856-1939. |
||
| 700 |
_aHowells, William Dean _d1837-1920 |
||
| 700 |
_aTwain, Mark _d1835-1910. |
||
| 700 |
_aStevenson, Robert Louis _d1850-1894. |
||
| 700 |
_aRoosevelt, Theodore _d1858-1919. |
||
| 700 |
_aFreud, Sigmund _d1856-1939 |
||
| 700 |
_aRussel, Bertrand _d1872-1970. |
||
| 700 |
_aMorley, Christopher _d1890-1957. |
||
| 700 |
_aWhite, Stewart Edward _d1873-1946. |
||
| 700 |
_aSaintsbury, George _d1845-1933. |
||
| 700 |
_aOsler, William _d1849-1919. |
||
| 700 |
_aChesterton, G K _d1874-1936. _qGilbert Keith Chesterton |
||
| 700 |
_aTagore, Rabindranath _d1861-1941. |
||
| 700 |
_aWoolf, Virginia _d1882-1941. |
||
| 700 |
_aOrwell, George _d1903-1950. _qEric Arthur Blair |
||
| 700 |
_aBenson, Arthur _d1862-1925. _qArthur Christopher Benson |
||
| 942 |
_2ddc _cBK _n0 |
||
| 999 |
_c1567 _d1567 |
||